[Event "Peterborough 4NCL Easter U2000 op"]
[Site "Peterborough"]
[Date "2024.03.30"]
[Round "2"]
[White "Mitchell, Stephen R"]
[Black "Denning, Julie L"]
[Result "1-0"]
[WhiteElo "1932"]
[BlackElo "1757"]
[PlyCount "93"]
[EventDate "2024.03.29"]
[EventType "swiss"]
[EventRounds "7"]
[EventCountry "ENG"]
[SourceTitle "CBM 219 Extra"]
[Source "ChessBase"]
[SourceDate "2024.05.31"]
[SourceVersion "1"]
[SourceVersionDate "2024.05.31"]
[SourceQuality "1"]

1. d4 d5 2. Bg5 Bf5 3. c4 Nf6 4. Nc3 e6 5. Qb3 Nc6 6. Nf3 Nb4 7. Rc1 dxc4 8. Qa4+ Qd7 9. Qxd7+ Nxd7 10. e4 Bg4 11. Bxc4 Bxf3 12. gxf3 a6 13. a3 Nc6 14. Be3 Na5 15. Ba2 c5 16. dxc5 Bxc5 17. Bxc5 Nxc5 18. Ke2 Nc6 19. Nd5 exd5 20. Rxc5 dxe4 21. fxe4 0-0 22. Bd5 Rfe8 23. Ke3 Re7 24. Bxc6 Rc8 25. Rhc1 Rec7 26. b4 bxc6 27. Ra5 Ra8 28. Rd1 g6 29. Rd6 Kf8 30. Kd4 h5 31. Kc5 Re7 32. Kd4 Rc7 33. f4 Ke7 34. Kc5 h4 35. h3 f6 36. e5 fxe5 37. fxe5 Kf7 38. Kb6 Rac8 39. Rc5 g5 40. Rd4 Kg6 41. Rg4 Rf7 42. e6 Re7 43. Rcxg5+ Kf6 44. Rg6+ Kf5 45. R4g5+ Ke4 46. Rh5 Kd3 47. Rxh4 1-0

[Event "BCF-ch 5-day op AM Week 2"]
[Site "Torquay"]
[Date "2013.08.07"]
[Round "3"]
[White "Bryant, Richard BE"]
[Black "Mitchell, Stephen R"]
[Result "1-0"]
[WhiteElo "1934"]
[BlackElo "2032"]
[PlyCount "93"]
[EventDate "2013.08.05"]
[EventType "swiss"]
[EventRounds "5"]
[EventCountry "ENG"]
[SourceTitle "EXT 2023"]
[Source "ChessBase"]
[SourceDate "2022.10.05"]
[SourceVersion "1"]
[SourceVersionDate "2022.10.05"]
[SourceQuality "1"]

1. e4 b6 2. Nf3 Bb7 3. Bc4 e6 4. Nc3 d6 5. d3 Nd7 6. 0-0 g6 7. Bg5 Ne7 8. Qd2 h6 9. Be3 Bg7 10. a4 a6 11. Qe2 0-0 12. Rad1 g5 13. d4 Ng6 14. Ba2 Qe7 15. Rfe1 Kh8 16. Nd2 Rae8 17. a5 b5 18. f3 Qd8 19. Nf1 f5 20. Bf2 h5 21. Qd2 f4 22. d5 e5 23. h3 g4 24. hxg4 hxg4 25. fxg4 Qg5 26. Nh2 Nf6 27. Qe2 Bc8 28. Rd3 Nxg4 29. Nf3 Qe7 30. Rb1 Bf6 31. Kf1 Rf7 32. Ke1 Rh7 33. Kd2 Kg7 34. Rg1 Kf7 35. Nd1 Reh8 36. c4 bxc4 37. Rc3 Qd7 38. Qxc4 Bd8 39. Bb3 Rh1 40. Ba4 Qe7 41. Rxh1 Rxh1 42. Bb6 Ne3 43. Nxe3 fxe3+ 44. Bxe3 Nf4 45. Bxf4 exf4 46. e5 Bg4 47. Qxf4+ 1-0

[Event "BCF-chT3 0809 (4NCL)"]
[Site "Hinckley Island"]
[Date "2009.05.03"]
[Round "10.1"]
[White "Elliston, Robert V"]
[Black "Mitchell, Stephen R"]
[Result "1/2-1/2"]
[WhiteElo "2128"]
[BlackElo "2032"]
[PlyCount "38"]
[EventDate "2008.10.18"]
[EventType "team-swiss"]
[EventRounds "11"]
[EventCountry "ENG"]
[SourceTitle "EXT 2010"]
[Source "ChessBase"]
[SourceDate "2010.11.25"]
[SourceVersion "1"]
[SourceVersionDate "2010.11.25"]
[SourceQuality "1"]
[WhiteTeam "Sussex Smart Controls"]
[BlackTeam "AMCA Rhinos"]
[WhiteTeamCountry "ENG"]
[BlackTeamCountry "ENG"]

1. c4 f5 2. e4 fxe4 3. d3 Nf6 4. dxe4 e5 5. Nc3 Bb4 6. Nf3 Nc6 7. Bg5 0-0 8. Be2 Qe8 9. 0-0 Bxc3 10. bxc3 Kh8 11. Bxf6 Rxf6 12. c5 b6 13. Qd5 Bb7 14. Bb5 Nd4 15. Qxb7 Nxf3+ 16. gxf3 c6 17. Be2 Rb8 18. Qxa7 Ra8 19. Qb7 Rb8 1/2-1/2

[Event "BCF-chT3 0809 (4NCL)"]
[Site "Hinckley Island"]
[Date "2009.02.07"]
[Round "5.1"]
[White "Jones, Christopher M"]
[Black "Mitchell, Stephen R"]
[Result "1-0"]
[WhiteElo "1950"]
[BlackElo "2032"]
[PlyCount "71"]
[EventDate "2008.10.18"]
[EventType "team-swiss"]
[EventRounds "11"]
[EventCountry "ENG"]
[SourceTitle "EXT 2010"]
[Source "ChessBase"]
[SourceDate "2010.11.25"]
[SourceVersion "1"]
[SourceVersionDate "2010.11.25"]
[SourceQuality "1"]
[WhiteTeam "Leicester II"]
[BlackTeam "AMCA Rhinos"]
[WhiteTeamCountry "ENG"]
[BlackTeamCountry "ENG"]

1. e4 b6 2. d4 Bb7 3. Bd3 e6 4. Nc3 d6 5. Qe2 Nf6 6. Nf3 Be7 7. e5 Nd5 8. Nxd5 Bxd5 9. Be4 Bxe4 10. Qxe4 d5 11. Qg4 Bf8 12. 0-0 Nc6 13. Bd2 Qd7 14. Rac1 0-0-0 15. c4 Kb8 16. c5 Rc8 17. b4 Ne7 18. Ng5 Nf5 19. Be3 c6 20. Qe2 h6 21. Nf3 g5 22. a4 Rc7 23. Rb1 Qc8 24. Rb2 Be7 25. Rfb1 Ka8 26. Ne1 Rd8 27. Nd3 Qa6 28. b5 cxb5 29. cxb6 Rc4 30. Rxb5 Rxa4 31. bxa7 Ra1 32. Qb2 Rxb1+ 33. Qxb1 Kxa7 34. Bd2 Nxd4 35. Ra5 Rb8 36. Rxa6+ 1-0

[Event "BCF-chT3 0809 (4NCL)"]
[Site "Hinckley Island"]
[Date "2008.12.07"]
[Round "4.1"]
[White "Mitchell, Stephen R"]
[Black "Mapletoft, Alexander J"]
[Result "1-0"]
[WhiteElo "1980"]
[BlackElo "1925"]
[PlyCount "73"]
[EventDate "2008.10.18"]
[EventType "team-swiss"]
[EventRounds "11"]
[EventCountry "ENG"]
[SourceTitle "EXT 2010"]
[Source "ChessBase"]
[SourceDate "2010.11.25"]
[SourceVersion "1"]
[SourceVersionDate "2010.11.25"]
[SourceQuality "1"]
[WhiteTeam "AMCA Rhinos"]
[BlackTeam "Leicester III"]
[WhiteTeamCountry "ENG"]
[BlackTeamCountry "ENG"]

1. d4 d5 2. c4 e6 3. Nc3 Nf6 4. cxd5 exd5 5. Bg5 Be7 6. e3 c6 7. Qc2 h6 8. Bh4 Ne4 9. Bxe7 Kxe7 10. Nxe4 dxe4 11. Qxe4+ Be6 12. Ne2 Qa5+ 13. Nc3 Nd7 14. Be2 Nf6 15. Qc2 Rhd8 16. Qa4 Qb6 17. Qa3+ Ke8 18. 0-0 Rac8 19. Rac1 Nd5 20. Ne4 Qb4 21. Qxb4 Nxb4 22. a3 Nd5 23. Nc5 b6 24. Nxe6 fxe6 25. Rc2 Ke7 26. Rfc1 Kd6 27. Rd2 e5 28. Bf3 exd4 29. Rxd4 Ke5 30. Bg4 Rc7 31. f4+ Kf6 32. e4 Ne3 33. Rxd8 Nxg4 34. Rd6+ Ke7 35. Rdxc6 Rxc6 36. Rxc6 Kd7 37. Rg6 1-0

[Event "BCF-chT3 0809 (4NCL)"]
[Site "Hinckley Island"]
[Date "2008.10.18"]
[Round "1.4"]
[White "St Clair, Allan"]
[Black "Mitchell, Stephen R"]
[Result "1-0"]
[WhiteElo "1836"]
[BlackElo "1980"]
[PlyCount "143"]
[EventDate "2008.10.18"]
[EventType "team-swiss"]
[EventRounds "11"]
[EventCountry "ENG"]
[SourceTitle "EXT 2010"]
[Source "ChessBase"]
[SourceDate "2010.11.25"]
[SourceVersion "1"]
[SourceVersionDate "2010.11.25"]
[SourceQuality "1"]
[WhiteTeam "FPONTY"]
[BlackTeam "AMCA Rhinos"]
[WhiteTeamCountry "ENG"]
[BlackTeamCountry "ENG"]

1. d4 f5 2. e4 fxe4 3. Nc3 Nf6 4. Bg5 Nc6 5. d5 Ne5 6. Bxf6 exf6 7. Nxe4 f5 8. Nc3 Bc5 9. Na4 Be7 10. Nf3 Nf7 11. Bd3 Nd6 12. 0-0 b5 13. Nc3 a6 14. a3 0-0 15. Re1 Bf6 16. Qd2 Rb8 17. Bf1 b4 18. axb4 Rxb4 19. Na4 Re4 20. Nc5 Nc4 21. Qb4 a5 22. Qb3 Rxe1 23. Rxe1 Nd6 24. Ra1 g5 25. Rxa5 g4 26. Nd2 Bd4 27. c3 Be5 28. Nd3 Bg7 29. Ra1 f4 30. Re1 Ba6 31. Ne5 Bxf1 32. Nxf1 f3 33. g3 Bxe5 34. Rxe5 Qf6 35. Re1 Qh6 36. h4 gxh3 37. Kh2 Kh8 38. Qc2 Nf5 39. c4 Qg5 40. Qc3+ Ng7 41. Re3 Kg8 42. Nd2 Nh5 43. Rxf3 Nf6 44. Kxh3 Qh6+ 45. Kg2 Ng4 46. Rxf8+ Qxf8 47. Qd4 Nf6 48. Qf4 d6 49. f3 Qg7 50. Qf5 Ne8 51. Qc2 Qd4 52. Ne4 Qg7 53. Qc3 Qg6 54. b4 h6 55. c5 dxc5 56. bxc5 Qa6 57. Qc2 Kg7 58. Kf2 Kg8 59. Qb3 Kg7 60. f4 Qg6 61. Qc3+ Kf7 62. Qe5 Qa6 63. f5 Qa2+ 64. Kf3 Qa3+ 65. Kg4 Qb4 66. Qe6+ Kf8 67. f6 Qxe4+ 68. Qxe4 Nxf6+ 69. Kf5 Nxe4 70. Kxe4 Ke7 71. Kf5 Kf7 72. g4 1-0

[Event "BCF-chT4 0708 (4NCL)"]
[Site "England"]
[Date "2008.02.10"]
[Round "6.1"]
[White "Punnett, Alan Kenneth"]
[Black "Mitchell, Stephen R"]
[Result "1-0"]
[WhiteElo "2108"]
[BlackElo "2010"]
[PlyCount "71"]
[EventDate "2007.09.15"]
[EventType "team-swiss"]
[EventRounds "11"]
[EventCountry "ENG"]
[SourceTitle "EXT 2009"]
[Source "ChessBase"]
[SourceDate "2008.11.26"]
[SourceVersion "1"]
[SourceVersionDate "2008.11.26"]
[SourceQuality "1"]
[WhiteTeam "Guildford IV"]
[BlackTeam "AMCA Hippos"]
[WhiteTeamCountry "ENG"]
[BlackTeamCountry "ENG"]

1. d4 f5 2. g3 Nf6 3. Bg2 g6 4. Nh3 Bg7 5. 0-0 0-0 6. c4 Nc6 7. Nc3 a6 8. e3 Kh8 9. Qe2 e5 10. d5 Ne7 11. b4 a5 12. Ba3 d6 13. bxa5 h6 14. Rac1 Ne8 15. Rfd1 Rxa5 16. Bb4 Ra8 17. c5 Bd7 18. a3 Nc8 19. f3 dxc5 20. Bxc5 Ncd6 21. Nf2 h5 22. Nd3 b6 23. Bb4 c5 24. dxc6 Bxc6 25. f4 Bxg2 26. Kxg2 exf4 27. Nxf4 Qf6 28. Ncd5 Qf7 29. Bxd6 Nxd6 30. Rc7 Qe8 31. Re7 Qc6 32. Nxg6+ Kg8 33. Rc7 Qa4 34. Nge7+ Kf7 35. Qxh5+ Ke6 36. Nf4+ 1-0

[Event "BCF-chT4 0708 (4NCL)"]
[Site "England"]
[Date "2007.10.28"]
[Round "2.5"]
[White "Mitchell, Stephen R"]
[Black "Meade, Philip J"]
[Result "0-1"]
[WhiteElo "2010"]
[BlackElo "2020"]
[PlyCount "116"]
[EventDate "2007.09.15"]
[EventType "team-swiss"]
[EventRounds "11"]
[EventCountry "ENG"]
[SourceTitle "EXT 2009"]
[Source "ChessBase"]
[SourceDate "2008.11.26"]
[SourceVersion "1"]
[SourceVersionDate "2008.11.26"]
[SourceQuality "1"]
[WhiteTeam "AMCA Dragons"]
[BlackTeam "Gloucestershire. Gambits"]
[WhiteTeamCountry "ENG"]
[BlackTeamCountry "ENG"]

1. d4 Nf6 2. c4 e6 3. Nc3 Bb4 4. e3 b6 5. Nge2 Bb7 6. a3 Be7 7. d5 a5 8. e4 d6 9. Ng3 Na6 10. Be2 0-0 11. 0-0 Qd7 12. Be3 Rfe8 13. Rb1 exd5 14. exd5 Nc5 15. b4 axb4 16. axb4 Na4 17. Nb5 c6 18. dxc6 Bxc6 19. Qb3 Rec8 20. Rfc1 d5 21. Nd4 dxc4 22. Bxc4 Bd5 23. Bxd5 Nxd5 24. Bd2 b5 25. Rxc8+ Rxc8 26. Ngf5 Bf8 27. Ne3 Ndc3 28. Nf3 Nxb1 29. Qxb1 Nc3 30. Qb2 Ne4 31. Be1 Qe6 32. g3 g6 33. Kg2 Bg7 34. Qb1 f5 35. Qd3 Qc6 36. Nd5 Kf8 37. Nf4 Ng5 38. h4 Qxf3+ 39. Qxf3 Nxf3 40. Kxf3 Bc3 41. Bxc3 Rxc3+ 42. Ke2 Rc4 43. Nd3 Ke7 44. Kd2 Kd6 45. Ke2 Kd5 46. Ke3 Re4+ 47. Kd2 Kc4 48. Nc5 Re7 49. h5 gxh5 50. Kd1 Re5 51. Na6 Re6 52. Nc5 Rd6+ 53. Kc2 Kxb4 54. Nd3+ Rxd3 55. Kxd3 Kc5 56. Kc3 Kd5 57. Kd3 b4 58. f3 f4 0-1

[Event "BCF-chT4 0708 (4NCL)"]
[Site "England"]
[Date "2007.10.27"]
[Round "1.5"]
[White "Maguire, Robert"]
[Black "Mitchell, Stephen R"]
[Result "1/2-1/2"]
[WhiteElo "1703"]
[BlackElo "2010"]
[PlyCount "40"]
[EventDate "2007.09.15"]
[EventType "team-swiss"]
[EventRounds "11"]
[EventCountry "ENG"]
[SourceTitle "EXT 2009"]
[Source "ChessBase"]
[SourceDate "2008.11.26"]
[SourceVersion "1"]
[SourceVersionDate "2008.11.26"]
[SourceQuality "1"]
[WhiteTeam "KJCA Kings"]
[BlackTeam "AMCA Dragons"]
[WhiteTeamCountry "ENG"]
[BlackTeamCountry "ENG"]

1. e4 d6 2. d4 Nf6 3. Nc3 Nbd7 4. Bd3 e5 5. d5 Be7 6. Nge2 0-0 7. Ng3 Nc5 8. Be2 a5 9. 0-0 Ne8 10. Bg4 Nxe4 11. Ncxe4 f5 12. Nxf5 Bxf5 13. Bxf5 Rxf5 14. Qg4 g6 15. Ng3 Rf7 16. Qe4 Ng7 17. f4 exf4 18. Bxf4 Qd7 19. Ne2 Raf8 20. Nc3 Bd8 1/2-1/2